000 00797cam a2200217 4500
001 WB3802-29
008 020115n2002 000 0 eng u
035 _a(Sirsi) u116299
245 _aHome Zones challenge winners
260 _c2002
490 _aDTLR News Release
_v(002) 11 January 2002, (9)
520 _aGovernment has announced the winners of the Home Zones Challenge. Local authorities were invited to bid for the fund which aims to improve public areas, especially residential streets where the needs of the residents are balanced against those of traffic.
590 _aWB
650 _aURBAN ENVIRONMENT
650 _aRESIDENTIAL AREAS
650 _aRESIDENTIAL AMENITIES
650 _aRESIDENTIAL DESIGN
650 _aHOME ZONES
690 _aREGENERATION
942 _n0
999 _c69279
_d69279